| 000 | 00901nam a2200229 i 4500 | ||
|---|---|---|---|
| 001 | 17477 | ||
| 003 | ES-MaACL | ||
| 005 | 20230906151609.0 | ||
| 007 | t| | ||
| 008 | 010313s2000 sp ||||1| spa d | ||
| 020 | _a84-95366-10-X | ||
| 080 | _a331.46(460.27)(083.41) | ||
| 100 | 1 |
_aLópez Jacob, María José. _973711 |
|
| 245 | 1 | 0 |
_aAccidentes de trabajo en Madrid, 1989-1998 _b: análisis e implicaciones / _cMaría José López Jacob, Mª del Carmen Mancheño Potencianco, Jesús García Jiménez. |
| 260 |
_aMadrid : _bPyCH Asociados, _c[2000] |
||
| 300 |
_a176 p. ; _c24 cm. |
||
| 500 | _aEn la port.: Unión Sindical de Madrid-Región de CC.OO. | ||
| 650 | 1 | 4 |
_aAccidentes de trabajo- _zMadrid (Comunidad Autónoma)- _vEstadísticas. _99574 |
| 700 | 1 |
_aMancheño Potencianco, Mª del Carmen. _975921 |
|
| 700 | 1 |
_aGarcía Jiménez, Jesús. _954797 |
|
| 852 |
_aES-MaACL _jL-24298 _bR.129543 |
||
| 999 |
_c17477 _d17477 |
||